Teaching to change lives / (Record no. 58269)
[ view plain ]
| 000 -LEADER | |
|---|---|
| fixed length control field | 00810cam a2200253 a 4500 |
| 001 - CONTROL NUMBER | |
| control field | 532397 |
| 003 - CONTROL NUMBER IDENTIFIER | |
| control field | OSt |
| 005 - DATE AND TIME OF LATEST TRANSACTION | |
| control field | 20170707020003.0 |
| 008 - FIXED-LENGTH DATA ELEMENTS--GENERAL INFORMATION | |
| fixed length control field | 870416s1987 oru 000 0 eng |
| 010 ## - LIBRARY OF CONGRESS CONTROL NUMBER | |
| LC control number | 87011208 |
| 020 ## - INTERNATIONAL STANDARD BOOK NUMBER | |
| International Standard Book Number | 0880701986 |
| 040 ## - CATALOGING SOURCE | |
| Original cataloging agency | DLC |
| Transcribing agency | DLC |
| Modifying agency | DLC |
| 050 00 - LIBRARY OF CONGRESS CALL NUMBER | |
| Classification number | BV1534 |
| Item number | .H44 1987 |
| 082 00 - DEWEY DECIMAL CLASSIFICATION NUMBER | |
| Classification number | 268/.6 |
| Edition number | 19 |
| 100 1# - MAIN ENTRY--PERSONAL NAME | |
| Personal name | Hendricks, Howard G. |
| 9 (RLIN) | 23814 |
| 245 10 - TITLE STATEMENT | |
| Title | Teaching to change lives / |
| Statement of responsibility, etc | Howard G. Hendricks. |
| 260 ## - PUBLICATION, DISTRIBUTION, ETC. (IMPRINT) | |
| Place of publication, distribution, etc | Portland, Or. : |
| Name of publisher, distributor, etc | Multnomah Press : |
| -- | Walk thru the Bible Ministries, |
| Date of publication, distribution, etc | c1987. |
| 300 ## - PHYSICAL DESCRIPTION | |
| Extent | 166 p. ; |
| Dimensions | 22 cm. |
| 600 10 - SUBJECT ADDED ENTRY--PERSONAL NAME | |
| Personal name | Hendricks, Howard G. |
| 9 (RLIN) | 23815 |
| 650 #0 - SUBJECT ADDED ENTRY--TOPICAL TERM | |
| Topical term or geographic name as entry element | Christian education |
| General subdivision | Teaching methods. |
| 9 (RLIN) | 23816 |
| 650 #0 - SUBJECT ADDED ENTRY--TOPICAL TERM | |
| Topical term or geographic name as entry element | Teaching |
| General subdivision | Religious aspects |
| -- | Christianity. |
| 9 (RLIN) | 23817 |
| 906 ## - LOCAL DATA ELEMENT F, LDF (RLIN) | |
| a | 7 |
| b | cbc |
| c | orignew |
| d | 1 |
| e | ocip |
| f | 19 |
| g | y-gencatlg |
| 942 ## - ADDED ENTRY ELEMENTS (KOHA) | |
| Source of classification or shelving scheme | Library of Congress Classification |
| Koha item type | Books |
| Koha issues (borrowed), all copies | 26 |
| Withdrawn status | Lost status | Source of classification or shelving scheme | Damaged status | Not for loan | Collection code | Home library | Current library | Shelving location | Date acquired | Source of acquisition | Cost, normal purchase price | Total Checkouts | Total Renewals | Full call number | Barcode | Date last seen | Date checked out | Copy number | Price effective from | Koha item type |
|---|---|---|---|---|---|---|---|---|---|---|---|---|---|---|---|---|---|---|---|---|
| Library of Congress Classification | General Circulation | AIU/NEGST - Tony Wilmot Memorial Library | AIU/NEGST - Tony Wilmot Memorial Library | General Stacks | 12/04/2013 | Donation - YMI | 14.99 | 30 | 5 | BV 1534 .H46 1987 | R28471J3232 | 04/22/2023 | 06/19/2019 | 1 | 12/04/2013 | Books | ||||
| Library of Congress Classification | General Circulation | Nairobi central Business- Campus | AIU/NEGST - Tony Wilmot Memorial Library | General Stacks | 09/15/2016 | Purchase - Corporate Compus | 29.15 | 10 | 2 | BV 1534 .H44 1987 | R37499A3232 | 04/17/2026 | 01/13/2026 | 2 | 05/20/2016 | Books |
